[Event "Marienbad Open-B2 2019"]
[Site "Marianske Lazne"]
[Date "2019.01.24"]
[Round "7"]
[White "Kacharava, Nikolozi"]
[Black "Frolov, Artur"]
[Result "0-1"]
[WhiteElo "2397"]
[BlackElo "2430"]
[Annotator "NA"]
[PlyCount "114"]
[EventDate "2019.01.17"]
[EventType "tourn"]
[EventCountry "CZE"]
[SourceTitle "playchess.com"]
[Source "ChessBase"]
[SourceQuality "1"]
[TimeControl "40/5400+30:1800+30"]

1. e4 {[%emt 0:00:00]} c5 {[%emt 0:00:00]} 2. Nf3 {[%emt 0:00:03]} Nc6 {[%emt 0:00:00]} 3. d4 {[%emt 0:00:24]} cxd4 {[%emt 0:00:00]} 4. Nxd4 {[%emt 0:00:27]} Nf6 {[%emt 0:00:00]} 5. Nc3 {[%emt 0:00:35]} d6 {[%emt 0:00:00]} 6. f3 {[%emt 0:01:21]} e5 {[%emt 0:02:48]} 7. Nb3 {[%emt 0:00:26]} Be6 {[%emt 0:00:09]} 8. Be3 {[%emt 0:00:40]} Be7 {[%emt 0:03:53]} 9. Qe2 {[%emt 0:00:39]} O-O {[%emt 0:01:57]} 10. O-O-O {[%emt 0:00:21]} Na5 {[%emt 0:04:44]} 11. Qb5 {[%emt 0:00:37]} Nxb3+ {[%emt 0:00:52]} 12. axb3 {[%emt 0:00:23]} Qc7 {[%emt 0:00:33]} 13. g4 {[%emt 0:03:49]} Rfc8 {[%emt 0:02:21]} 14. Rd2 {[%emt 0:06:51]} a6 {[%emt 0:06:18]} 15. Qb6 {[%emt 0:11:53]} Qb8 {[%emt 0:09:34]} 16. Qa5 {[%emt 0:22:34]} b5 {[%emt 0:04:45]} 17. Qb6 {[%emt 0:01:51]} Qxb6 {[%emt 0:02:35]} 18. Bxb6 {[%emt 0:00:02]} b4 {[%emt 0:01:31]} 19. Nd5 {[%emt 0:11:39]} Nxd5 {[%emt 0:00:34]} 20. exd5 {[%emt 0:00:05]} Bd7 {[%emt 0:00:03]} 21. Be3 {[%emt 0:05:09]} a5 {[%emt 0:00:17]} 22. Bc4 {[%emt 0:05:40]} a4 {[%emt 0:00:19]} 23. Rdd1 {[%emt 0:01:03]} e4 {[%emt 0:09:59]} 24. fxe4 {[%emt 0:02:44]} Bxg4 {[%emt 0:00:11]} 25. Rdf1 {[%emt 0:07:31]} Bh3 {[%emt 0:01:56]} 26. Rd1 {[%emt 0:02:00]} Bg2 {[%emt 0:01:26]} 27. Rhg1 {[%emt 0:00:33]} Bxe4 {[%emt 0:01:15]} 28. Bd4 {[%emt 0:00:57]} Bf8 {[%emt 0:00:43]} 29. Be3 {[%emt 0:05:55]} axb3 {[%emt 0:00:23]} 30. cxb3 {[%emt 0:01:43]} g6 {[%emt 0:01:11]} 31. Kd2 {[%emt 0:01:28]} Bg7 {[%emt 0:04:35]} 32. Bf4 {[%emt 0:00:29]} Bxb2 {[%emt 0:01:12]} 33. Bxd6 {[%emt 0:01:04]} Bd4 {[%emt 0:00:07]} 34. Rg4 {[%emt 0:01:55]} Ra2+ {[%emt 0:00:28]} 35. Ke1 {[%emt 0:00:01]} Bc3+ {[%emt 0:00:57]} 36. Kf1 {[%emt 0:00:02]} Bf3 {[%emt 0:00:05]} 37. Rgd4 {[%emt 0:01:12]} Re8 {[%emt 0:11:24]} 38. Bg3 {[%emt 0:02:57]} Bxd4 {[%emt 0:00:36]} 39. Rxd4 {[%emt 0:00:01]} Be2+ {[%emt 0:01:51]} 40. Bxe2 {[%emt 0:01:28]} Rexe2 {[%emt 0:00:05]} 41. Rxb4 {[%emt 0:01:37]} Red2 {[%emt 0:00:19]} 42. Rb8+ {[%emt 0:01:00]} Kg7 {[%emt 0:00:24]} 43. Be5+ {[%emt 0:00:13]} f6 {[%emt 0:02:13]} 44. Rb7+ {[%emt 0:00:05]} Kh6 {[%emt 0:01:47]} 45. Bf4+ {[%emt 0:00:06]} g5 {[%emt 0:00:03]} 46. Bxd2 {[%emt 0:00:08]} Rxd2 {[%emt 0:00:06]} 47. Rd7 {[%emt 0:20:40]} Rxh2 {[%emt 0:02:10]} 48. b4 {[%emt 0:00:21]} Kg6 {[%emt 0:02:52]} 49. d6 {[%emt 0:03:53]} Rb2 {[%emt 0:02:55]} 50. Rb7 {[%emt 0:03:46]} Rd2 {[%emt 0:01:10]} 51. Rd7 {[%emt 0:01:26]} Rd5 {[%emt 0:03:19]} 52. Rd8 {[%emt 0:01:59]} Kf5 {[%emt 0:00:38]} 53. Rd7 {[%emt 0:01:40]} h5 {[%emt 0:00:32]} 54. Rd8 {[%emt 0:00:47]} Ke6 {[%emt 0:00:29]} 55. b5 {[%emt 0:00:43]} Rxb5 {[%emt 0:00:28]} 56. d7 {[%emt 0:00:18]} h4 {[%emt 0:00:23]} 57. Rf8 {[%emt 0:00:15]} Rf5+ {[%emt 0:00:08]} 0-1

[Event "Marienbad Open-B2 2019"]
[Site "Marianske Lazne"]
[Date "2019.01.24"]
[Round "7"]
[White "Cerveny, Petr"]
[Black "Stigar, Petter"]
[Result "1-0"]
[WhiteElo "2318"]
[BlackElo "2177"]
[Annotator "TA"]
[PlyCount "129"]
[EventDate "2019.01.17"]
[EventType "tourn"]
[EventCountry "CZE"]
[SourceTitle "playchess.com"]
[Source "ChessBase"]
[SourceQuality "1"]

{[%evp 19,129,34,34,0,0,0,0,0,0,-35,0,-35,-12,0,0,0,22,18,102,75,69,53,138,121,143,107,91,58,60,70,102,82,109,95,105,98,115,87,162,172,166,151,154,141,151,169,179,149,201,204,425,414,435,347,525,519,498,393,477,0,467,393,327,313,517,180,209,187,172,93,95,85,79,85,118,104,275,277,262,268,245,244,247,245,284,270,272,272,274,286,432,414,459,469,557,577,554,497,670,653,622,562,875,846,1974,1767,1777,1613,29985,29986,29985,29986]} 1. e4 e6 2. d4 d5 3. Nc3 dxe4 4. Nxe4 Nd7 5. Nf3 Ngf6 6. Nxf6+ Nxf6 7. Bd3 c5 8. Be3 Qc7 {C10: French with 3 Nc3: Unusual Black 3rd moves and 3...dxe4} 9. Qe2 Be7 (9... a6 10. O-O b6 11. c4 cxd4 12. Bxd4 Bb7 13. Ne5 Bc5 14. Bc3 Rd8 15. Rad1 Bd4 16. Bxd4 Rxd4 {½-½ (53) Wei,Y (2739)-Ivanchuk,V (2729) Medias 2017}) 10. O-O-O O-O {LiveBook: 13 Games. White is slightly better.} 11. h4 b6 12. Kb1 $146 ({Predecessor:} 12. dxc5 bxc5 13. Bg5 Bb7 14. Ne5 Rad8 15. Kb1 Rd5 {½-½ (24) Luther,T (2385)-Paehtz,T (2445) Altensteig 1990}) 12... Bb7 13. dxc5 bxc5 14. Bg5 Rab8 (14... Bxf3 $5 15. Qxf3 c4 $11) 15. Ka1 Rfd8 16. Ne5 Bxg2 17. Rhg1 Qb7 {[%csl Gb8][%cal Rb7b2]} (17... Kf8 {looks sharper.} 18. Bc1 Bh3 19. Rxg7 Kxg7 20. Rg1+ Kf8) 18. Rb1 {[#]} Rxd3 (18... c4 $1 $11 {[%mdl 512]} 19. Bxc4 Be4) 19. cxd3 (19. Nxd3 {keeps more tension.} Bd5 20. Ne5 Qc7 21. c4 Be4 22. Nd3) 19... Bd5 {...Bxa2! is the strong threat.} 20. Nc4 Qd7 (20... h5 $14) 21. h5 Rd8 22. Rg3 Ne8 23. Rbg1 Bxg5 24. Rxg5 h6 25. R5g3 f6 26. a3 Qe7 27. Ne3 {Black must now prevent Nf5!} Rd7 28. Rg6 {And now Rxh6 would win.} Kf7 (28... Kf8 $16) 29. Qg4 $18 Qf8 30. Qg3 Bc6 31. Nc4 Rd5 32. Qg2 Bd7 33. Qf3 Ke7 (33... Bb5 $16 34. Qe4 Bd7) 34. Ne3 Re5 $2 (34... Rd4 35. Qa8 Kf7 36. Qxa7 Rxd3) 35. Qb7 Rxh5 36. Qxa7 Qf7 (36... Rg5 $142 37. R6xg5 fxg5) 37. f4 Kf8 38. Qb8 Ke7 39. Qa7 Kf8 40. Qa8 Ke7 41. Qf3 Rh2 $2 (41... Rg5 {was worth a try.}) 42. R6g2 $2 (42. Nc4) 42... Rh5 43. Rc1 Kf8 44. Ng4 ({White should play} 44. Rgc2 $18) 44... Rd5 $16 45. Qe3 Qe7 {[#]} 46. Rgc2 $1 Qd6 47. Nf2 $36 {[%mdl 2048] Black is under strong pressure.} ({Of course not} 47. Rxc5 $6 Rxd3 48. Qg1 Qxf4 $11) 47... Rd4 $2 (47... f5 $16 {keeps fighting.}) 48. Ne4 $18 ({Weaker is} 48. Rxc5 Qxf4 49. Qxf4 Rxf4 $16) 48... Rxd3 49. Qxc5 ({Less strong is} 49. Nxd6 Rxe3 50. Nb7 Ba4 $16) 49... Qe7 50. Qxe7+ Kxe7 51. Nc5 Rd5 52. Nxd7 Kxd7 {[%mdl 4096] Endgame KRR-KRN} 53. b4 g5 54. fxg5 hxg5 (54... fxg5 $142 55. Rh1 g4 56. Rxh6 Rg5) 55. Kb2 g4 56. a4 Nd6 57. Rc7+ Kd8 58. Rg7 f5 59. Rh1 Ne8 60. Rh8 Rd7 61. Rgg8 Re7 62. a5 {[%cal Ba4a5,Ba5a6][%mdl 32]} Kd7 {[#]} 63. Rxe8 $1 {[%mdl 512]} Rxe8 64. Rxe8 Kxe8 65. a6 {Accuracy: White = 63%, Black = 38%.} 1-0

[Event "Marienbad Open-B2 2019"]
[Site "Marianske Lazne"]
[Date "2019.01.24"]
[Round "7"]
[White "Jurek, Josef"]
[Black "Plischki, Sebastian"]
[Result "1/2-1/2"]
[WhiteElo "2273"]
[BlackElo "2426"]
[Annotator "ChessBase"]
[PlyCount "132"]
[EventDate "2019.01.17"]
[EventType "tourn"]
[EventCountry "CZE"]
[SourceTitle "playchess.com"]
[Source "ChessBase"]
[SourceQuality "1"]
[TimeControl "40/5400+30:1800+30"]

1. Nf3 {[%emt 0:00:00]} Nf6 {[%emt 0:00:00]} 2. c4 {[%emt 0:00:00]} e6 {[%emt 0:00:00]} 3. d4 {[%emt 0:00:46]} c5 {[%emt 0:00:19]} 4. e3 {[%emt 0:01:58]} cxd4 {[%emt 0:00:43]} 5. exd4 {[%emt 0:00:17]} d5 {[%emt 0:00:19]} 6. Nc3 {[%emt 0:00:29]} Bb4 {[%emt 0:00:32]} 7. Bd3 {[%emt 0:01:12]} O-O {[%emt 0:00:30]} 8. O-O {[%emt 0:00:19]} dxc4 {[%emt 0:00:18]} 9. Bxc4 {[%emt 0:00:13]} b6 {[%emt 0:02:07]} 10. Bg5 {[%emt 0:01:51]} Bxc3 {[%emt 0:01:26]} 11. bxc3 {[%emt 0:00:20]} Nbd7 {[%emt 0:00:13]} 12. Rc1 {[%emt 0:05:29]} Bb7 {[%emt 0:00:23]} 13. Qe2 {[%emt 0:01:34]} Qc7 {[%emt 0:00:28]} 14. Bd3 {[%emt 0:01:09]} Ng4 {[%emt 0:05:30]} 15. Be4 {[%emt 0:02:23]} Bxe4 {[%emt 0:00:29]} 16. Qxe4 {[%emt 0:00:17]} Ngf6 {[%emt 0:00:15]} 17. Qe2 {[%emt 0:03:16]} Rac8 {[%emt 0:01:26]} 18. c4 {[%emt 0:02:15]} Qb7 {[%emt 0:01:08]} 19. Rfe1 {[%emt 0:04:23]} Rc6 {[%emt 0:11:04]} 20. Bxf6 {[%emt 0:06:23]} Nxf6 {[%emt 0:00:11]} 21. c5 {[%emt 0:07:13]} Rc7 {[%emt 0:02:56]} 22. Ne5 {[%emt 0:07:49]} Qd5 {[%emt 0:01:54]} 23. cxb6 {[%emt 0:03:35]} Rxc1 {[%emt 0:00:10]} 24. Rxc1 {[%emt 0:00:12]} axb6 {[%emt 0:00:07]} 25. Qb2 {[%emt 0:03:19]} Qb7 {[%emt 0:02:43]} 26. a4 {[%emt 0:05:44]} Nd5 {[%emt 0:01:55]} 27. a5 {[%emt 0:03:40]} f6 {[%emt 0:15:40]} 28. Nd3 {[%emt 0:13:44]} Rb8 {[%emt 0:05:50]} 29. Qe2 {[%emt 0:05:04]} Qd7 {[%emt 0:03:54]} 30. axb6 {[%emt 0:01:30]} Rxb6 {[%emt 0:00:35]} 31. g3 {[%emt 0:04:22]} Ne7 {[%emt 0:03:33]} 32. Qe4 {[%emt 0:02:48]} Qd5 {[%emt 0:02:27]} 33. Qg4 {[%emt 0:02:35]} Qf5 {[%emt 0:06:05]} 34. Qxf5 {[%emt 0:01:53]} Nxf5 {[%emt 0:01:31]} 35. Rc8+ {[%emt 0:01:07]} Kf7 {[%emt 0:00:05]} 36. Rc7+ {[%emt 0:00:36]} Ne7 {[%emt 0:01:20]} 37. Kg2 {[%emt 0:03:35]} Rd6 {[%emt 0:10:03]} 38. Nb4 {[%emt 0:00:32]} f5 {[%emt 0:00:39]} 39. h4 {[%emt 0:01:54]} Kf6 {[%emt 0:00:23]} 40. Nc2 {[%emt 0:02:23]} Nc6 {[%emt 0:01:33]} 41. Kf3 {[%emt 0:02:26]} Nxd4+ {[%emt 0:00:19]} 42. Nxd4 {[%emt 0:00:08]} Rxd4 {[%emt 0:00:05]} 43. Ra7 {[%emt 0:00:54]} h5 {[%emt 0:01:20]} 44. Rb7 {[%emt 0:00:32]} Rg4 {[%emt 0:00:21]} 45. Rb5 {[%emt 0:00:24]} g6 {[%emt 0:00:18]} 46. Ra5 {[%emt 0:00:17]} f4 {[%emt 0:01:16]} 47. Ra8 {[%emt 0:02:25]} fxg3 {[%emt 0:00:12]} 48. fxg3 {[%emt 0:00:07]} Rb4 {[%emt 0:00:29]} 49. Rf8+ {[%emt 0:00:51]} Ke5 {[%emt 0:00:14]} 50. Rg8 {[%emt 0:00:10]} Rb3+ {[%emt 0:00:34]} 51. Kg2 {[%emt 0:00:32]} Kf6 {[%emt 0:03:06]} 52. Rf8+ {[%emt 0:00:08]} Ke7 {[%emt 0:00:08]} 53. Rg8 {[%emt 0:00:06]} Kf7 {[%emt 0:00:06]} 54. Ra8 {[%emt 0:00:15]} Rd3 {[%emt 0:07:05]} 55. Rb8 {[%emt 0:00:42]} e5 {[%emt 0:09:12]} 56. Rb6 {[%emt 0:00:21]} Rd4 {[%emt 0:00:07]} 57. Kf2 {[%emt 0:08:58]} Rg4 {[%emt 0:03:43]} 58. Ra6 {[%emt 0:01:03]} Rb4 {[%emt 0:04:42]} 59. Kg2 {[%emt 0:03:12]} Rb7 {[%emt 0:00:14]} 60. Kf3 {[%emt 0:00:37]} Re7 {[%emt 0:00:11]} 61. Ke4 {[%emt 0:00:47]} Re6 {[%emt 0:00:05]} 62. Ra8 {[%emt 0:00:52]} Kf6 {[%emt 0:01:39]} 63. Rf8+ {[%emt 0:00:13]} Kg7 {[%emt 0:01:08]} 64. Ra8 {[%emt 0:00:28]} Rf6 {[%emt 0:00:43]} 65. Re8 {[%emt 0:02:11]} Rf1 {[%emt 0:00:27]} 66. Rxe5 {[%emt 0:00:36]} Re1+ 1/2-1/2

[Event "Marienbad Open-B2 2019"]
[Site "Marianske Lazne"]
[Date "2019.01.24"]
[Round "7"]
[White "German, Nikita"]
[Black "Lukasiewicz, Krzysztof"]
[Result "1/2-1/2"]
[WhiteElo "2162"]
[BlackElo "2223"]
[Annotator "NA"]
[PlyCount "64"]
[EventDate "2019.01.17"]
[EventType "tourn"]
[EventCountry "CZE"]
[SourceTitle "playchess.com"]
[Source "ChessBase"]
[SourceQuality "1"]
[TimeControl "40/5400+30:1800+30"]

1. e4 {[%emt 0:03:07]} c6 {[%emt 0:00:00]} 2. d4 {[%emt 0:00:16]} d5 {[%emt 0:00:00]} 3. Nc3 {[%emt 0:00:12]} dxe4 {[%emt 0:00:00]} 4. Nxe4 {[%emt 0:00:05]} Bf5 {[%emt 0:00:00]} 5. Ng3 {[%emt 0:00:09]} Bg6 {[%emt 0:00:00]} 6. h4 {[%emt 0:00:12]} h6 {[%emt 0:00:00]} 7. Nf3 {[%emt 0:00:10]} Nd7 {[%emt 0:00:00]} 8. h5 {[%emt 0:00:12]} Bh7 {[%emt 0:00:00]} 9. Bd3 {[%emt 0:00:10]} Bxd3 {[%emt 0:00:00]} 10. Qxd3 {[%emt 0:00:12]} e6 {[%emt 0:00:00]} 11. Bd2 {[%emt 0:00:19]} Ngf6 {[%emt 0:00:03]} 12. O-O-O {[%emt 0:00:36]} Be7 {[%emt 0:00:03]} 13. Kb1 {[%emt 0:01:10]} O-O {[%emt 0:00:38]} 14. Ne4 {[%emt 0:01:41]} c5 {[%emt 0:00:55]} 15. dxc5 {[%emt 0:05:05]} Qc7 {[%emt 0:15:38]} 16. Nxf6+ {[%emt 0:19:14]} Nxf6 {[%emt 0:00:09]} 17. Bc3 {[%emt 0:02:35]} Qxc5 {[%emt 0:04:25]} 18. Bd4 {[%emt 0:03:26]} Qc7 {[%emt 0:02:11]} 19. Ne5 {[%emt 0:03:37]} Rfd8 {[%emt 0:07:02]} 20. Qe2 {[%emt 0:06:41]} Bc5 {[%emt 0:08:20]} 21. Bxc5 {[%emt 0:07:28]} Qxc5 {[%emt 0:00:50]} 22. g4 {[%emt 0:01:42]} Rd5 {[%emt 0:10:22]} 23. Rxd5 {[%emt 0:01:44]} Nxd5 {[%emt 0:01:47]} 24. Qf3 {[%emt 0:13:38]} Qc7 {[%emt 0:03:33]} 25. Qe4 {[%emt 0:02:17]} Nf6 {[%emt 0:05:06]} 26. Qe2 {[%emt 0:03:20]} Rd8 {[%emt 0:06:43]} 27. Nd3 {[%emt 0:05:32]} Qc6 {[%emt 0:08:23]} 28. Rg1 {[%emt 0:01:31]} Qe4 {[%emt 0:00:22]} 29. Qxe4 {[%emt 0:02:36]} Nxe4 {[%emt 0:00:21]} 30. Kc1 {[%emt 0:00:28]} Kf8 {[%emt 0:01:20]} 31. f3 {[%emt 0:00:44]} Nf6 {[%emt 0:00:16]} 32. Kd2 {[%emt 0:01:18]} Ke7 {[%emt 0:00:22]} 1/2-1/2

[Event "Marienbad Open-B2 2019"]
[Site "Marianske Lazne"]
[Date "2019.01.24"]
[Round "7"]
[White "Ng, Jen Sheng"]
[Black "Hesse, Henrik"]
[Result "1-0"]
[WhiteElo "2075"]
[BlackElo "2166"]
[Annotator "ChessBase"]
[PlyCount "121"]
[EventDate "2019.01.17"]
[EventType "tourn"]
[EventCountry "CZE"]
[SourceTitle "playchess.com"]
[Source "ChessBase"]
[SourceQuality "1"]
[TimeControl "40/5400+30:1800+30"]

1. e4 {[%emt 0:00:00]} g6 {[%emt 0:01:52]} 2. d4 {[%emt 0:00:00]} Bg7 {[%emt 0:00:10]} 3. Nc3 {[%emt 0:00:00]} d5 {[%emt 0:03:37]} 4. exd5 {[%emt 0:00:52]} Nf6 {[%emt 0:00:09]} 5. Bc4 {[%emt 0:00:04]} Nbd7 {[%emt 0:01:49]} 6. Qf3 {[%emt 0:02:05]} Nb6 {[%emt 0:02:10]} 7. Bb3 {[%emt 0:00:03]} Bg4 {[%emt 0:15:32]} 8. Qg3 {[%emt 0:01:10]} Bf5 {[%emt 0:01:12]} 9. Qf3 {[%emt 0:05:51]} O-O {[%emt 0:05:35]} 10. h3 {[%emt 0:00:37]} Qd6 {[%emt 0:06:19]} 11. Nge2 {[%emt 0:02:58]} h5 {[%emt 0:12:28]} 12. Bf4 {[%emt 0:02:41]} Qd7 {[%emt 0:01:45]} 13. Be5 {[%emt 0:00:33]} Rad8 {[%emt 0:13:08]} 14. Bxf6 {[%emt 0:00:40]} Bxf6 {[%emt 0:01:19]} 15. O-O-O {[%emt 0:01:12]} h4 {[%emt 0:12:01]} 16. Kb1 {[%emt 0:14:32]} a5 {[%emt 0:02:19]} 17. a4 {[%emt 0:03:33]} Kg7 {[%emt 0:10:07]} 18. Nf4 {[%emt 0:01:20]} Rh8 {[%emt 0:01:32]} 19. Rhe1 {[%emt 0:05:21]} Qd6 {[%emt 0:02:01]} 20. g4 {[%emt 0:09:20]} hxg3 {[%emt 0:01:50]} 21. fxg3 {[%emt 0:00:20]} Bxh3 {[%emt 0:02:09]} 22. Ne4 {[%emt 0:09:01]} Qd7 {[%emt 0:00:00]} 23. Nf2 {[%emt 0:00:05]} g5 {[%emt 0:01:29]} 24. Nh5+ {[%emt 0:02:36]} Kg6 {[%emt 0:00:29]} 25. Nxf6 {[%emt 0:00:13]} exf6 {[%emt 0:00:01]} 26. g4 {[%emt 0:00:17]} f5 {[%emt 0:00:57]} 27. Nxh3 {[%emt 0:01:11]} fxg4 {[%emt 0:00:00]} 28. Qd3+ {[%emt 0:00:24]} Qf5 {[%emt 0:00:16]} 29. Nf2 {[%emt 0:01:52]} Qxd3 {[%emt 0:01:01]} 30. Nxd3 {[%emt 0:00:01]} f6 {[%emt 0:00:31]} 31. c4 {[%emt 0:00:23]} g3 {[%emt 0:00:42]} 32. Bc2 {[%emt 0:01:01]} Kf7 {[%emt 0:00:20]} 33. b3 {[%emt 0:00:55]} Rh2 {[%emt 0:00:36]} 34. Re3 {[%emt 0:15:36]} g2 {[%emt 0:00:19]} 35. Rg1 {[%emt 0:00:25]} Rh1 {[%emt 0:00:40]} 36. Ree1 {[%emt 0:00:10]} Rdh8 {[%emt 0:00:58]} 37. Rxg2 {[%emt 0:01:43]} Rxe1+ {[%emt 0:00:16]} 38. Nxe1 {[%emt 0:00:01]} Rh4 {[%emt 0:00:08]} 39. Nd3 {[%emt 0:03:41]} Nc8 {[%emt 0:00:23]} 40. Nc5 {[%emt 0:06:07]} Nd6 {[%emt 0:00:01]} 41. Rf2 {[%emt 0:30:48]} g4 {[%emt 0:02:34]} 42. Ne4 {[%emt 0:00:00]} Nxe4 {[%emt 0:06:08]} 43. Bxe4 {[%emt 0:00:00]} g3 {[%emt 0:00:27]} 44. Re2 {[%emt 0:00:00]} Rf4 {[%emt 0:04:16]} 45. Re3 {[%emt 0:00:00]} Rf1+ {[%emt 0:03:07]} 46. Kc2 {[%emt 0:00:00]} g2 {[%emt 0:02:25]} 47. Bxg2 {[%emt 0:00:00]} Rf2+ {[%emt 0:00:06]} 48. Kd3 {[%emt 0:00:00]} Rxg2 {[%emt 0:00:11]} 49. c5 {[%emt 0:00:00]} f5 {[%emt 0:05:49]} 50. d6 {[%emt 0:00:00]} cxd6 {[%emt 0:05:15]} 51. cxd6 {[%emt 0:00:00]} f4 {[%emt 0:00:55]} 52. d7 {[%emt 0:00:00]} fxe3 {[%emt 0:05:56]} 53. d8=Q {[%emt 0:00:00]} e2 {[%emt 0:00:05]} 54. Kd2 {[%emt 0:00:00]} Ke6 {[%emt 0:00:47]} 55. Qc8+ {[%emt 0:00:09]} Kd6 {[%emt 0:00:34]} 56. Qxb7 {[%emt 0:00:16]} Rf2 {[%emt 0:00:31]} 57. Qb6+ {[%emt 0:00:19]} Kd5 {[%emt 0:00:10]} 58. Qxa5+ {[%emt 0:00:07]} Ke4 {[%emt 0:00:23]} 59. Qe5+ {[%emt 0:00:33]} Kf3 {[%emt 0:00:05]} 60. Qe3+ {[%emt 0:00:11]} Kg2 {[%emt 0:01:16]} 61. Qxe2 1-0

[Event "Marienbad Open-B2 2019"]
[Site "Marianske Lazne"]
[Date "2019.01.25"]
[Round "8"]
[White "Frolov, Artur"]
[Black "Cerveny, Petr"]
[Result "1/2-1/2"]
[WhiteElo "2430"]
[BlackElo "2318"]
[Annotator "TA"]
[PlyCount "51"]
[EventDate "2019.01.17"]
[EventType "tourn"]
[EventCountry "CZE"]
[SourceTitle "playchess.com"]
[Source "ChessBase"]
[SourceQuality "1"]

{[%evp 15,51,-6,11,-26,-22,-47,-2,-12,-10,-8,-8,-15,-15,-26,-26,-27,-32,-24,-11,-12,0,0,0,0,0,0,0,0,0,-6,0,0,0,-30,0,0,0,-31]} 1. e4 c5 2. Nf3 d6 3. Bb5+ Bd7 4. Bxd7+ Qxd7 5. O-O Nc6 6. c4 g6 7. Nc3 {B52: Sicilian: Moscow Variation with 3...Bd7} (7. d4 cxd4 8. Nxd4 Bg7 9. Be3 Nf6 10. f3 Rc8 11. b3 b5 12. cxb5 Nxd4 13. Bxd4 Qxb5 14. Nc3 Qb7 15. Nd5 Nxd5 16. Bxg7 Ne3 17. Qd3 {½-½ (39) Karjakin,S (2771)-Adly,A (2594) Dubai 2014}) 7... Bg7 8. d3 e6 {[%cal Be7e6,Be6e5][%mdl 32] LiveBook: 13 Games} 9. Bf4 Nge7 10. Qd2 e5 11. Bg5 f6 12. Be3 O-O 13. Nd5 $146 ({Predecessor:} 13. Bh6 Rf7 14. a3 f5 15. Bxg7 Rxg7 {1-0 (34) Tsiros,F (1991)-Hatzis Bakratsas,A (1829) Thessaloniki 2014}) 13... f5 {[#] And now ...f4 would win.} 14. Bg5 Nxd5 15. cxd5 Nd4 16. Nxd4 cxd4 17. f3 Bf6 18. Bxf6 Rxf6 19. Rac1 fxe4 20. dxe4 Rff8 21. Rc2 Rac8 22. Rfc1 Rxc2 23. Qxc2 Qd8 24. Qb3 Qd7 25. Qc4 Qd8 26. Qb3 {Accuracy: White = 62%, Black = 39%.} 1/2-1/2

[Event "Marienbad Open-B2 2019"]
[Site "Marianske Lazne"]
[Date "2019.01.25"]
[Round "8"]
[White "Stigar, Petter"]
[Black "German, Nikita"]
[Result "1/2-1/2"]
[WhiteElo "2177"]
[BlackElo "2162"]
[Annotator "NA"]
[PlyCount "53"]
[EventDate "2019.01.17"]
[EventType "tourn"]
[EventCountry "CZE"]
[SourceTitle "playchess.com"]
[Source "ChessBase"]
[SourceQuality "1"]
[TimeControl "40/5400+30:1800+30"]

1. e4 {[%emt 0:00:00]} e6 {[%emt 0:04:08]} 2. d4 {[%emt 0:01:20]} d5 {[%emt 0:00:40]} 3. Nd2 {[%emt 0:00:21]} c5 {[%emt 0:00:40]} 4. exd5 {[%emt 0:00:21]} Qxd5 {[%emt 0:00:24]} 5. Ngf3 {[%emt 0:00:40]} cxd4 {[%emt 0:00:57]} 6. Bc4 {[%emt 0:00:34]} Qd6 {[%emt 0:02:38]} 7. O-O {[%emt 0:01:11]} Nf6 {[%emt 0:00:22]} 8. Nb3 {[%emt 0:00:13]} Nc6 {[%emt 0:00:36]} 9. Nbxd4 {[%emt 0:00:15]} Nxd4 {[%emt 0:00:21]} 10. Qxd4 {[%emt 0:00:29]} Qxd4 {[%emt 0:00:40]} 11. Nxd4 {[%emt 0:00:04]} Bd7 {[%emt 0:00:45]} 12. Be2 {[%emt 0:07:48]} Rc8 {[%emt 0:18:17]} 13. c3 {[%emt 0:00:53]} Bd6 {[%emt 0:13:41]} 14. Be3 {[%emt 0:23:49]} Nd5 {[%emt 0:27:33]} 15. Nb5 {[%emt 0:01:58]} Bb8 {[%emt 0:00:49]} 16. Bd2 {[%emt 0:07:36]} Ke7 {[%emt 0:06:52]} 17. Rad1 {[%emt 0:06:58]} Nf4 {[%emt 0:05:44]} 18. Bxf4 {[%emt 0:00:50]} Bxf4 {[%emt 0:00:08]} 19. Nd4 {[%emt 0:00:54]} Rhd8 {[%emt 0:00:35]} 20. Rfe1 {[%emt 0:02:13]} Kf8 {[%emt 0:01:46]} 21. g3 {[%emt 0:00:46]} Bb8 {[%emt 0:04:18]} 22. Bf3 {[%emt 0:02:40]} b6 {[%emt 0:03:05]} 23. Nc6 {[%emt 0:19:31]} Bxc6 {[%emt 0:00:18]} 24. Bxc6 {[%emt 0:01:34]} Ke7 {[%emt 0:00:27]} 25. Bb7 {[%emt 0:01:56]} Rxd1 {[%emt 0:00:53]} 26. Rxd1 {[%emt 0:01:54]} Rd8 {[%emt 0:00:17]} 27. Rxd8 {[%emt 0:00:11]} 1/2-1/2

[Event "Marienbad Open-B2 2019"]
[Site "Marianske Lazne"]
[Date "2019.01.25"]
[Round "8"]
[White "Hesse, Henrik"]
[Black "Plischki, Sebastian"]
[Result "1-0"]
[WhiteElo "2166"]
[BlackElo "2426"]
[Annotator "TA"]
[PlyCount "83"]
[EventDate "2019.01.17"]
[EventType "tourn"]
[EventCountry "CZE"]
[SourceTitle "playchess.com"]
[Source "ChessBase"]
[SourceQuality "1"]

{[%evp 25,83,0,17,-6,-6,-31,4,0,18,22,23,22,29,18,20,24,16,15,24,0,33,39,78,68,121,124,96,81,86,83,72,33,65,9,37,7,46,-41,107,-22,31,-19,159,133,169,188,501,443,382,371,500,485,473,466,1093,586,1106,1002,977,858]} 1. c4 g6 2. g3 Bg7 3. Bg2 d6 4. Nc3 e5 5. d3 f5 6. e3 Nf6 7. Nge2 O-O 8. O-O a5 9. a3 c6 10. Rb1 Be6 11. b4 axb4 12. axb4 d5 {A21: English Opening: 1...e5 2 Nc3} 13. cxd5 cxd5 {LiveBook: 12 Games} 14. Qb3 (14. Bb2 Nbd7 15. Na4 b6 16. Qb3 Qe7 17. d4 e4 18. b5 Rfc8 19. Ba3 Qd8 20. Rfc1 {½-½ (45) Molchanov,A (2334)-Shomoev,A (2550) Minsk 2017}) 14... Bf7 {White must now prevent ...d4.The position is equal.} 15. d4 e4 16. b5 Nbd7 17. Ba3 Re8 18. Na4 Nb6 $146 ({Predecessor:} 18... g5 19. Rfc1 Bh5 20. Nec3 {0-1 (43) Hopman,P (2389)-Beukema,S (2342) Wijk aan Zee 2016}) 19. Nxb6 Qxb6 20. Bc5 Qd8 21. Rfc1 g5 22. Qb4 Re6 {Black wants to play ...b6.} 23. b6 Bh6 24. Bh3 Bg6 (24... g4 $14 25. Bf1 Nd7) 25. Nc3 $16 Qd7 26. Nb5 {Nc7 is the strong threat.} Ne8 27. Qb3 {Hoping for Nc7!} Rc6 28. Na7 Rf6 29. Ba3 (29. Rc2 $14) 29... Bf7 30. Rc2 Be6 31. Rbc1 (31. Nb5 $14) 31... Qf7 {[#]} (31... f4 $15 {keeps the upper hand.} 32. Bxe6+ Qxe6) 32. Nc8 ({Only move:} 32. Nb5 $1 $16) 32... Qh5 (32... Bf8 $11 33. Bxf8 Qxf8) 33. Ne7+ Kg7 $2 (33... Kh8 $11 34. Bg2 f4 35. Nxd5 Bxd5 36. Qxd5 {[%mdl 64] Double Attack} Rxa3) 34. Bg2 f4 35. Nxd5 Bxd5 $2 (35... Rf7) 36. Qxd5 $18 {[%mdl 64] [#] Double Attack} Rxa3 37. Qxb7+ Rf7 38. Qxe4 {White is clearly winning.} Nf6 39. Qe5 Rb3 (39... fxe3 $142 40. Bd5 (40. fxe3 g4 $18) 40... g4 41. Qxh5 Nxh5 42. Bxf7 exf2+ 43. Kxf2 Kxf7) 40. Rc7 {Strongly threatening Bd5.} f3 41. Qe6 Rxb6 42. Rxf7+ {Accuracy: White = 52%, Black = 22%.} 1-0